[Event "Regionalliga NW 9596"]
[Site "Bayern"]
[Date "1996.??.??"]
[Round "?"]
[White "Lechleitner, Walter"]
[Black "Reger, Hajo"]
[Result "1/2-1/2"]
[WhiteElo "2055"]
[BlackElo "1850"]
[PlyCount "84"]
[EventDate "1995.10.??"]
[EventType "team-tourn"]
[EventRounds "9"]
[EventCountry "GER"]
[SourceTitle "EXT 1999"]
[Source "ChessBase"]
[SourceDate "1998.11.16"]
[SourceVersion "1"]
[SourceVersionDate "1998.11.16"]
[SourceQuality "1"]
[WhiteTeam "Kronach"]
[BlackTeam "GrBayr"]
[WhiteTeamCountry "GER"]
[BlackTeamCountry "GER"]

1. d4 Nf6 2. c4 d6 3. Nc3 g6 4. e4 Bg7 5. f4 0-0 6. Bd3 e5 7. fxe5 dxe5 8. d5 Nbd7 9. Be3 Nh5 10. Nge2 b6 11. 0-0 Ndf6 12. h3 Ne8 13. Qc2 g5 14. c5 g4 15. Kh2 gxh3 16. Ng1 Nf4 17. g3 Nf6 18. Be2 Nxe2 19. Qxe2 Ng4+ 20. Kh1 h5 21. Nf3 Bf6 22. Nh2 Kh7 23. Nxg4 hxg4 24. Rf2 Bg7 25. Raf1 f6 26. b4 a5 27. b5 bxc5 28. Bxc5 Rf7 29. Qc4 Kg6 30. Be3 Rb8 31. a4 Qd7 32. Ne2 Qd8 33. Bd2 Ra8 34. Nc1 Bh6 35. Bxh6 Kxh6 36. Qc6 Bd7 37. Rxf6+ Rxf6 38. Qxf6+ Qxf6 39. Rxf6+ Kg7 40. Ra6 Rf8 41. Nd3 Rf1+ 42. Kh2 Ra1 1/2-1/2

[Event "Regionalliga NW 9596"]
[Site "Bayern"]
[Date "1995.??.??"]
[Round "?"]
[White "Reger, Hajo"]
[Black "Elzinger, Wilfried"]
[Result "0-1"]
[WhiteElo "1850"]
[BlackElo "1940"]
[PlyCount "165"]
[EventDate "1995.10.??"]
[EventType "team-tourn"]
[EventRounds "9"]
[EventCountry "GER"]
[SourceTitle "EXT 1999"]
[Source "ChessBase"]
[SourceDate "1998.11.16"]
[SourceVersion "1"]
[SourceVersionDate "1998.11.16"]
[SourceQuality "1"]
[WhiteTeam "GrBayr"]
[BlackTeam "Coburg"]
[WhiteTeamCountry "GER"]
[BlackTeamCountry "GER"]

1. d4 e6 2. Nf3 b6 3. e3 Bb7 4. Bd3 f5 5. 0-0 Nf6 6. c4 c6 7. a3 d5 8. Nc3 Bd6 9. b4 Ne4 10. Qc2 0-0 11. Rb1 Nd7 12. c5 Bc7 13. Ne2 Qf6 14. a4 Qh6 15. Bb2 g5 16. Ne5 bxc5 17. bxc5 Nxe5 18. dxe5 Ba5 19. Bc1 Bc8 20. f3 Bc7 21. Bb2 Rb8 22. Bd4 Rxb1 23. Rxb1 Qh4 24. Rf1 g4 25. g3 Qe7 26. fxe4 fxe4 27. Rxf8+ Qxf8 28. Bxe4 dxe4 29. Qxe4 Qf5 30. Qxf5 exf5 31. Nf4 Kf7 32. Kf2 Ba5 33. e4 fxe4 34. Ke3 Bf5 35. Ng2 Bd8 36. Bc3 Bg5+ 37. Kd4 Be6 38. Ba5 Bb3 39. Kxe4 Bxa4 40. Kf5 h6 41. Kxg4 Bd1+ 42. Kh3 h5 43. Nf4 Bf3 44. Bc3 Be7 45. Bd4 a5 46. e6+ Ke8 47. g4 Bxg4+ 48. Kg3 Bg5 49. Bc3 a4 50. Bb4 Ke7 51. Ba3 Kf6 52. h4 Bh6 53. Bc1 Bf8 54. Ba3 Be7 55. Bb4 Bd8 56. Bc3+ Ke7 57. Bb4 Bc7 58. Ba3 Bxe6 59. Kf3 Bg4+ 60. Ke4 Kf6 61. Bb2+ Kf7 62. Nd3 Ke6 63. Nb4 Bf5+ 64. Kf3 Kd7 65. Ba3 Bg4+ 66. Kg2 Bd8 67. Kg3 Bf5 68. Na2 Bc7+ 69. Kf3 Be5 70. Nb4 Bb1 71. Na6 Bd3 72. Nb4 Bc4 73. Nc2 Bd5+ 74. Kf2 Be4 75. Ne1 Ke6 76. Ke3 Kd5 77. Nf3 Bxf3 78. Kxf3 Kc4 79. Ke4 Bg3 80. Kf5 Bxh4 81. Kg6 Be7 82. Kxh5 Bxc5 83. Bb2 0-1

[Event "Regionalliga NW 9495"]
[Site "Bayern"]
[Date "1994.??.??"]
[Round "?.7"]
[White "Reger, Hajo"]
[Black "Albert, Marion"]
[Result "0-1"]
[WhiteElo "1850"]
[BlackElo "1860"]
[PlyCount "74"]
[EventDate "1994.10.??"]
[EventType "team-tourn"]
[EventRounds "9"]
[EventCountry "GER"]
[SourceTitle "EXT 1999"]
[Source "ChessBase"]
[SourceDate "1998.11.16"]
[SourceVersion "1"]
[SourceVersionDate "1998.11.16"]
[SourceQuality "1"]
[WhiteTeam "GrBayr"]
[BlackTeam "Wuerzburg II"]
[WhiteTeamCountry "GER"]
[BlackTeamCountry "GER"]

1. e4 d6 2. d4 g6 3. Nc3 Bg7 4. Bc4 c6 5. h3 e6 6. d5 cxd5 7. exd5 e5 8. Nf3 Ne7 9. Bg5 h6 10. Bh4 g5 11. Bg3 a6 12. a4 Nd7 13. 0-0 Nf6 14. Re1 Bf5 15. Nxe5 dxe5 16. Rxe5 Nd7 17. Rxe7+ Kxe7 18. Qf3 Bg6 19. Re1+ Kf8 20. d6 Bxc3 21. bxc3 Rc8 22. Bxf7 Bxf7 23. Re7 Rh7 24. Qf5 Rg7 25. Rxd7 Qe8 26. Be5 Rd8 27. Re7 Rg6 28. Rxe8+ Kxe8 29. Qd3 g4 30. h4 h5 31. g3 Re6 32. Qh7 Rdxd6 33. Qh8+ Kd7 34. Qh7 Rd1+ 35. Kg2 Ke7 36. Qe4 Ke8 37. Qxb7 Re7 0-1